Sir Speaks (Record no. 350)
[ view plain ]
| 000 -LEADER | |
|---|---|
| fixed length control field | 00314nam a22001217a 4500 |
| 008 - FIXED-LENGTH DATA ELEMENTS--GENERAL INFORMATION | |
| fixed length control field | 230605b xxu||||| |||| 00| 0 eng d |
| 082 ## - DEWEY DECIMAL CLASSIFICATION NUMBER | |
| Classification number | 328.5456 |
| Item number | MAL |
| 110 ## - MAIN ENTRY--CORPORATE NAME | |
| Subordinate unit | Lok Sabha Secretariant |
| Date of meeting or treaty signing | 2004 |
| 245 ## - TITLE STATEMENT | |
| Title | Sir Speaks |
| Remainder of title | Selected speeches of Manohar Joshi |
| 260 ## - PUBLICATION, DISTRIBUTION, ETC. (IMPRINT) | |
| Place of publication, distribution, etc. | New delhi |
| 300 ## - PHYSICAL DESCRIPTION | |
| Extent | 503p |
| 942 ## - ADDED ENTRY ELEMENTS (KOHA) | |
| Source of classification or shelving scheme | Dewey Decimal Classification |
| Koha item type | Books |
| Withdrawn status | Lost status | Source of classification or shelving scheme | Damaged status | Not for loan | Home library | Current library | Date acquired | Total Checkouts | Full call number | Barcode | Date last seen | Price effective from | Koha item type |
|---|---|---|---|---|---|---|---|---|---|---|---|---|---|
| Dewey Decimal Classification | Bunge Tower Library | Bunge Tower Library | 06/05/2023 | 328.5456 MAL | 10014774 | 06/05/2023 | 06/05/2023 | Books |
